[Event "ROM-chT (Women)"]
[Site "Calimanesti"]
[Date "2014.11.09"]
[Round "2.2"]
[White "Sandu, Mihaela"]
[Black "Craciun, Paula Iulia"]
[Result "1-0"]
[WhiteElo "2270"]
[BlackElo "2090"]
[PlyCount "55"]
[EventDate "2014.11.08"]
[EventType "team-tourn"]
[EventRounds "7"]
[EventCountry "ROU"]
[SourceTitle "EXT 2015"]
[Source "ChessBase"]
[SourceDate "2014.11.20"]
[SourceVersion "1"]
[SourceVersionDate "2014.11.20"]
[SourceQuality "1"]
[WhiteTeam "Timisoara Medicina (W)"]
[BlackTeam "Lugoj (W)"]
[WhiteTeamCountry "ROU"]
[BlackTeamCountry "ROU"]

1. e4 c5 2. Nf3 Nc6 3. d4 cxd4 4. Nxd4 Nf6 5. Nc3 d6 6. Be2 g6 7. 0-0 Bg7 8. Nb3 0-0 9. Re1 Be6 10. Bg5 Re8 11. Rb1 Nd7 12. Nd5 Rc8 13. c3 a6 14. Be3 Nce5 15. Bd4 b5 16. Kh1 Nc4 17. Bxg7 Kxg7 18. Nd4 Ndb6 19. Nxe6+ fxe6 20. Nf4 Kg8 21. Bg4 e5 22. Ne6 Qd7 23. b3 Na5 24. Qf3 Qc6 25. Ng5 Rf8 26. Qh3 h5 27. Bxh5 gxh5 28. Qxh5 1-0

[Event "ROM-chT (Women)"]
[Site "Mamaia"]
[Date "2013.09.02"]
[Round "3.3"]
[White "Craciun, Paula Iulia"]
[Black "Dobre, Ana Margareta Alexa"]
[Result "0-1"]
[WhiteElo "2117"]
[BlackElo "1893"]
[PlyCount "62"]
[EventDate "2013.08.31"]
[EventType "team-tourn"]
[EventRounds "9"]
[EventCountry "ROU"]
[SourceTitle "CBM 156 Extra"]
[Source "ChessBase"]
[SourceDate "2013.10.22"]
[SourceVersion "1"]
[SourceVersionDate "2013.10.22"]
[SourceQuality "1"]
[WhiteTeam "Lugoj (W)"]
[BlackTeam "Bucharest Central CC (W)"]
[WhiteTeamCountry "ROU"]
[BlackTeamCountry "ROU"]

1. e4 g6 2. d4 Bg7 3. Be3 c6 4. Qd2 d5 5. e5 f6 6. f4 Nh6 7. Nf3 Bg4 8. Be2 0-0 9. 0-0 b5 10. a4 bxa4 11. Nc3 Nd7 12. Nxa4 Rb8 13. b3 Nf5 14. h3 Bxf3 15. Rxf3 e6 16. Qc3 c5 17. Nxc5 Nxc5 18. Qxc5 fxe5 19. fxe5 Rc8 20. Qxa7 Rxc2 21. Bd3 Rxg2+ 22. Kxg2 Nh4+ 23. Kh2 Nxf3+ 24. Kg2 Qh4 25. Qa5 Ng5 26. Bxg5 Qxg5+ 27. Kh1 Qg3 28. Rf1 Qxh3+ 29. Kg1 Qxd3 30. Rxf8+ Bxf8 31. Qb6 Kf7 0-1

[Event "ROM-chT (Women)"]
[Site "Mamaia"]
[Date "2012.09.22"]
[Round "1.2"]
[White "Mastacan, Camelia"]
[Black "Craciun, Paula Iulia"]
[Result "0-1"]
[WhiteElo "1702"]
[BlackElo "2123"]
[PlyCount "100"]
[EventDate "2012.09.22"]
[EventType "team-tourn"]
[EventRounds "7"]
[EventCountry "ROU"]
[SourceTitle "CBM 150 Extra"]
[Source "ChessBase"]
[SourceDate "2012.10.19"]
[SourceVersion "1"]
[SourceVersionDate "2012.10.19"]
[SourceQuality "1"]
[WhiteTeam "Arad (W)"]
[BlackTeam "Lugoj CSM (W)"]
[WhiteTeamCountry "ROU"]
[BlackTeamCountry "ROU"]

1. Nf3 c5 2. g3 Nc6 3. Bg2 g6 4. c4 Bg7 5. Nc3 e6 6. 0-0 Nge7 7. d3 0-0 8. e3 d5 9. cxd5 Nxd5 10. Nxd5 exd5 11. d4 cxd4 12. Nxd4 Re8 13. Ne2 Bg4 14. Qd2 Qd7 15. Nf4 d4 16. exd4 Nxd4 17. a4 Rad8 18. Ra3 Bh6 19. Kh1 Qf5 20. Re3 Ne6 21. Qb4 Nxf4 22. Rxe8+ Rxe8 23. Bxf4 Bxf4 24. gxf4 b6 25. Rc1 Qd3 26. Re1 Rxe1+ 27. Qxe1 Qd4 28. Qe8+ Kg7 29. Qe5+ Qxe5 30. fxe5 g5 31. Bc6 Kg6 32. Bd5 Bf5 33. Bc6 Bc2 34. Be8 Be4+ 35. Kg1 Bd5 36. Bd7 h6 37. b4 Be6 38. Bc6 Kf5 39. a5 bxa5 40. bxa5 Kxe5 41. Kf1 Bd5 42. Bd7 Kf4 43. h3 Be6 44. Bxe6 fxe6 45. Ke2 Ke4 46. a6 e5 47. f3+ Kf4 48. Kf2 h5 49. Kg2 Ke3 50. Kg3 Ke2 0-1

[Event "ROM-chT (Women)"]
[Site "Brasov"]
[Date "2011.10.09"]
[Round "2.2"]
[White "Foisor, Cristina Adela B"]
[Black "Craciun, Paula Iulia"]
[Result "1-0"]
[WhiteElo "2416"]
[BlackElo "2138"]
[PlyCount "85"]
[EventDate "2011.10.08"]
[EventType "team-tourn"]
[EventRounds "9"]
[EventCountry "ROU"]
[SourceTitle "CBM 144 Extra"]
[Source "ChessBase"]
[SourceDate "2011.10.28"]
[SourceVersion "1"]
[SourceVersionDate "2011.10.28"]
[SourceQuality "1"]
[WhiteTeam "Timisoara Luxten (W)"]
[BlackTeam "Lugoj (W)"]
[WhiteTeamCountry "ROU"]
[BlackTeamCountry "ROU"]

1. Nf3 d5 2. g3 Nf6 3. Bg2 Bg4 4. d3 e6 5. 0-0 Bd6 6. c4 c6 7. Nbd2 Nbd7 8. b3 0-0 9. Bb2 Re8 10. d4 e5 11. cxd5 cxd5 12. h3 Bh5 13. dxe5 Bxf3 14. Nxf3 Nxe5 15. Nxe5 Bxe5 16. Bxe5 Rxe5 17. e3 Qb6 18. Qd3 a5 19. Rac1 h5 20. Rfd1 Ne4 21. Qd4 Qf6 22. Rc2 Rae8 23. h4 Qg6 24. Rdc1 Qf5 25. a4 Kh7 26. Qb6 R8e6 27. Qxb7 Rf6 28. Qc8 Qxc8 29. Bxe4+ dxe4 30. Rxc8 Rd5 31. R8c5 Rd2 32. Rxh5+ Kg6 33. Rg5+ Kh6 34. Rf1 Rf3 35. Rxa5 f5 36. Kg2 g6 37. Kh3 Rb2 38. Rb5 g5 39. hxg5+ Kxg5 40. a5 Rfxf2 41. Rxf2 Rxf2 42. a6 Ra2 43. g4 1-0

[Event "ROM-chT (Women)"]
[Site "Eforie Nord"]
[Date "2009.09.27"]
[Round "9"]
[White "Melia, Salome"]
[Black "Craciun, Paula Iulia"]
[Result "1-0"]
[WhiteElo "2432"]
[BlackElo "2154"]
[PlyCount "63"]
[EventDate "2009.09.19"]
[EventType "team"]
[EventRounds "9"]
[EventCountry "ROU"]
[SourceTitle "CBM 132 Extra"]
[Source "ChessBase"]
[SourceDate "2009.11.03"]
[SourceVersion "1"]
[SourceVersionDate "2009.11.03"]
[SourceQuality "1"]

1. e4 c5 2. Nf3 g6 3. c3 Bg7 4. d4 cxd4 5. cxd4 d5 6. e5 Nc6 7. h3 Nh6 8. Bb5 Qb6 9. Nc3 Be6 10. Bf4 Nf5 11. g4 Nh6 12. Qd2 Ng8 13. Ng5 Rc8 14. Nxe6 fxe6 15. h4 Nh6 16. Bxh6 Bxh6 17. Qxh6 Qxd4 18. Qe3 Qxg4 19. Qh3 Qxh3 20. Rxh3 0-0 21. Bxc6 Rxc6 22. Ne2 Rf5 23. f4 Rc4 24. Kd2 Kf7 25. b3 Rc5 26. Rf1 Rh5 27. Ng3 Rh6 28. Rc1 Ra5 29. a4 Ra6 30. Rc5 Ke8 31. Rh1 Kd7 32. Ke3 1-0

[Event "ROM-chT (Women)"]
[Site "Eforie Nord"]
[Date "2009.09.24"]
[Round "6"]
[White "Craciun, Paula Iulia"]
[Black "Danielian, Elina"]
[Result "0-1"]
[WhiteElo "2154"]
[BlackElo "2489"]
[PlyCount "138"]
[EventDate "2009.09.19"]
[EventType "team"]
[EventRounds "9"]
[EventCountry "ROU"]
[SourceTitle "CBM 132 Extra"]
[Source "ChessBase"]
[SourceDate "2009.11.03"]
[SourceVersion "1"]
[SourceVersionDate "2009.11.03"]
[SourceQuality "1"]

1. e4 e6 2. d4 d5 3. Nd2 a6 4. Bd3 c5 5. exd5 Qxd5 6. Ngf3 cxd4 7. Bc4 Qc5 8. Qe2 Nc6 9. 0-0 Nf6 10. Nb3 Qa7 11. Bg5 Be7 12. Rad1 h6 13. Bh4 b5 14. Bd3 Bd7 15. Be4 Nxe4 16. Bxe7 Nxe7 17. Qxe4 Bc6 18. Qd3 Rd8 19. Nfxd4 Bd5 20. Qg3 0-0 21. Rfe1 Rd7 22. Rd3 Rfd8 23. Red1 Be4 24. R3d2 Nd5 25. Nc6 Qb6 26. Nxd8 Rxd8 27. c3 Rc8 28. Nd4 Nf6 29. f3 Bd5 30. Qf2 Qa5 31. a3 Qc7 32. Nc2 Nh5 33. Ne3 Bc6 34. c4 Nf4 35. c5 Qe7 36. b4 h5 37. Kh1 Qf6 38. Rd4 Kh7 39. Nf1 h4 40. Rxf4 Qxf4 41. Rd4 Qc1 42. Qxh4+ Kg8 43. Kg1 Bd5 44. Rd3 a5 45. Kf2 Qb1 46. Rd2 Qb3 47. Qg4 Ra8 48. Ne3 Qxa3 49. Nxd5 exd5 50. Qd7 axb4 51. c6 b3 52. c7 Qf8 53. Qxb5 Qd6 54. Qxd5 Qb6+ 55. Kg3 Qxc7+ 56. Kh3 Rb8 57. Rb2 Qc3 58. Qd6 Qc8+ 59. Kg3 Rb5 60. Qd3 Qc7+ 61. Kf2 Rb4 62. g3 g6 63. Kg2 Qc6 64. Kf1 Qf6 65. Qe2 Qc3 66. f4 Kh7 67. Kg2 Rc4 68. Kh3 Rc5 69. Qd2 Qf3 0-1

[Event "ROM-chT (Women)"]
[Site "Eforie Nord"]
[Date "2009.09.20"]
[Round "2"]
[White "Marin, Irina Luiza"]
[Black "Craciun, Paula Iulia"]
[Result "1/2-1/2"]
[WhiteElo "2261"]
[BlackElo "2154"]
[PlyCount "91"]
[EventDate "2009.09.19"]
[EventType "team"]
[EventRounds "9"]
[EventCountry "ROU"]
[SourceTitle "CBM 132 Extra"]
[Source "ChessBase"]
[SourceDate "2009.11.03"]
[SourceVersion "1"]
[SourceVersionDate "2009.11.03"]
[SourceQuality "1"]

1. c4 g6 2. g3 Bg7 3. Bg2 c5 4. Nc3 Nc6 5. a3 b6 6. b4 Bb7 7. bxc5 bxc5 8. Rb1 Rb8 9. Na4 Na5 10. Bxb7 Rxb7 11. Rxb7 Nxb7 12. Qb3 Qc7 13. Nf3 Nf6 14. 0-0 0-0 15. Bb2 Na5 16. Qc2 Rb8 17. d3 d6 18. Bc3 Nc6 19. Rb1 Nd7 20. Bxg7 Kxg7 21. Rb5 f6 22. Qb2 a6 23. Rxb8 Qxb8 24. Qxb8 Ncxb8 25. e3 Kf7 26. Kf1 Nc6 27. Ke2 e6 28. d4 cxd4 29. exd4 d5 30. cxd5 exd5 31. Kd3 Ke7 32. Nc5 a5 33. Nxd7 Kxd7 34. Nd2 Kd6 35. f4 h5 36. h3 Na7 37. a4 Nc6 38. g4 hxg4 39. hxg4 Ke6 40. Nb3 Kd6 41. Ke3 g5 42. fxg5 fxg5 43. Nd2 Nd8 44. Kd3 Ke6 45. Nf3 Nf7 46. Kc3 1/2-1/2

[Event "ROM-BUL m (Women)"]
[Site "Bucharest"]
[Date "2009.08.02"]
[Round "1"]
[White "Craciun, Paula Iulia"]
[Black "Sirkova, Darena"]
[Result "0-1"]
[WhiteElo "2168"]
[BlackElo "2009"]
[PlyCount "40"]
[EventDate "2009.08.02"]
[EventType "schev"]
[EventRounds "3"]
[EventCountry "ROU"]
[SourceTitle "CBM 132 Extra"]
[Source "ChessBase"]
[SourceDate "2009.11.03"]
[SourceVersion "1"]
[SourceVersionDate "2009.11.03"]
[SourceQuality "1"]
[WhiteTeam "Romania"]
[BlackTeam "Bulgaria"]
[WhiteTeamCountry "ROU"]
[BlackTeamCountry "BUL"]

1. e4 c5 2. Nf3 Nc6 3. d4 cxd4 4. Nxd4 Nf6 5. Nc3 e6 6. Bg5 Bb4 7. Nxc6 bxc6 8. e5 Qa5 9. Qd4 Ng4 10. 0-0-0 Bxc3 11. bxc3 Nxe5 12. f4 h6 13. Bh4 Ng6 14. Bf2 0-0 15. g4 e5 16. fxe5 Nxe5 17. Qd6 Re8 18. Bc5 Qxa2 19. Be2 Ba6 20. Bxa6 Nf3 0-1

[Event "ROM-chT (Women)"]
[Site "Eforie Nord"]
[Date "2008.09.08"]
[Round "8.3"]
[White "Foisor, Mihaela Veronica"]
[Black "Craciun, Paula Iulia"]
[Result "0-1"]
[WhiteElo "2344"]
[BlackElo "2151"]
[PlyCount "98"]
[EventDate "2008.09.01"]
[EventType "team-tourn"]
[EventRounds "9"]
[EventCountry "ROU"]
[SourceTitle "EXT 2013"]
[Source "ChessBase"]
[SourceDate "2012.11.22"]
[SourceVersion "1"]
[SourceVersionDate "2012.11.22"]
[SourceQuality "1"]

1. d4 d5 2. c4 c6 3. e3 Nf6 4. Nc3 e6 5. Nf3 Nbd7 6. Qc2 Bd6 7. b3 Qe7 8. Be2 b6 9. 0-0 0-0 10. Bb2 Bb7 11. Rad1 Rac8 12. Bd3 c5 13. cxd5 exd5 14. dxc5 bxc5 15. Bf5 g6 16. Bd3 Bb8 17. Na4 Rfe8 18. Bb5 d4 19. Be2 Ne5 20. Ne1 Neg4 21. g3 Nxe3 22. fxe3 Qxe3+ 23. Rf2 Ne4 24. Bf3 d3 25. Nxd3 Nxf2 26. Qxf2 Bxf3 27. Qxe3 Rxe3 28. Rd2 Re2 29. Rxe2 Bxe2 30. Ndxc5 Bb5 31. Ne4 Bxa4 32. bxa4 h5 33. Nf6+ Kf8 34. Ba3+ Kg7 35. Bb2 Kh6 36. Bd4 Kg5 37. Kg2 Kf5 38. Kf3 Be5 39. Nd5 Ke6 40. Nf4+ Bxf4 41. gxf4 Rc4 42. Bxa7 Rxa4 43. Bb8 Rxa2 44. Kg3 Kf5 45. Bd6 Rb2 46. Bc7 Rb3+ 47. Kh4 Rf3 48. h3 f6 49. Bd6 g5+ 0-1

[Event "BUL-ROM (Women)"]
[Site "Kozloduy"]
[Date "2008.08.02"]
[Round "2"]
[White "Craciun, Paula Iulia"]
[Black "Vladimirova, Maria"]
[Result "1-0"]
[WhiteElo "2151"]
[BlackElo "2009"]
[PlyCount "65"]
[EventDate "2008.08.01"]
[EventType "schev"]
[EventRounds "4"]
[EventCountry "BUL"]
[SourceTitle "CBM 125 Extra"]
[Source "ChessBase"]
[SourceDate "2008.09.01"]
[SourceVersion "1"]
[SourceVersionDate "2008.09.01"]
[SourceQuality "1"]

1. e4 c6 2. d4 d5 3. exd5 cxd5 4. c4 Nf6 5. Nc3 e6 6. Nf3 Nc6 7. cxd5 Nxd5 8. Bd3 Be7 9. 0-0 0-0 10. Re1 Nxc3 11. bxc3 Bf6 12. Qe2 g6 13. h4 Bxh4 14. Bh6 Re8 15. Nxh4 Qxh4 16. Qd2 Qd8 17. Qf4 f6 18. Re3 Qe7 19. Rae1 Qf7 20. Bc4 Na5 21. Bb5 Rd8 22. Rf3 a6 23. Bd3 f5 24. g4 Bd7 25. Qg5 Re8 26. Rfe3 Rac8 27. gxf5 exf5 28. Re7 Rxe7 29. Rxe7 Re8 30. Rxf7 Re1+ 31. Kh2 Kxf7 32. Qd8 Bc6 33. d5 1-0

[Event "Wch U18 Girls"]
[Site "Kemer"]
[Date "2007.11.22"]
[Round "5"]
[White "Darbinyan, Nune"]
[Black "Craciun, Paula Iulia"]
[Result "1-0"]
[WhiteElo "2089"]
[BlackElo "2194"]
[PlyCount "95"]
[EventDate "2007.11.18"]
[EventType "swiss"]
[EventRounds "11"]
[EventCountry "TUR"]
[SourceTitle "CBM 121 Extra"]
[Source "ChessBase"]
[SourceDate "2008.01.10"]
[SourceVersion "1"]
[SourceVersionDate "2008.01.10"]
[SourceQuality "1"]

1. Nf3 c5 2. c4 Nc6 3. d4 cxd4 4. Nxd4 g6 5. e4 Nf6 6. Nc3 Nxd4 7. Qxd4 d6 8. Be2 Bg7 9. 0-0 0-0 10. Qd1 Be6 11. Bd2 Nd7 12. b3 a5 13. Rc1 Nc5 14. f3 Bd7 15. Be3 Bc6 16. Qd2 f5 17. exf5 gxf5 18. Rfe1 Kh8 19. Bf1 Bf6 20. Nd5 Bxd5 21. Qxd5 e6 22. Qd2 Qc7 23. Rcd1 Rad8 24. Kh1 e5 25. Bd3 f4 26. Bf2 d5 27. cxd5 Rxd5 28. Qe2 Nxd3 29. Rxd3 Rfd8 30. Rxd5 Rxd5 31. Rd1 Qd7 32. Rxd5 Qxd5 33. h3 b5 34. Qc2 Qd7 35. a4 bxa4 36. bxa4 Qd8 37. Kh2 Kg7 38. Be1 Qb6 39. Qd2 Bd8 40. Qd7+ Kg6 41. Qe8+ Kh6 42. Qxe5 Bc7 43. Qe4 Qd6 44. Bc3 Qd7 45. Qe1 Qd5 46. Qh4+ Kg6 47. Qf6+ Kh5 48. Qe7 1-0

[Event "Wch U18 Girls"]
[Site "Kemer"]
[Date "2007.11.19"]
[Round "2"]
[White "Craciun, Paula Iulia"]
[Black "Gosciniak, Maria"]
[Result "1-0"]
[WhiteElo "2194"]
[BlackElo "2026"]
[PlyCount "69"]
[EventDate "2007.11.18"]
[EventType "swiss"]
[EventRounds "11"]
[EventCountry "TUR"]
[SourceTitle "CBM 121 Extra"]
[Source "ChessBase"]
[SourceDate "2008.01.10"]
[SourceVersion "1"]
[SourceVersionDate "2008.01.10"]
[SourceQuality "1"]

1. e4 Nf6 2. e5 Nd5 3. d4 d6 4. Nf3 Bg4 5. Be2 e6 6. 0-0 Be7 7. h3 Bxf3 8. Bxf3 dxe5 9. c4 Nb6 10. Bxb7 exd4 11. Bxa8 Nxa8 12. Qa4+ Nd7 13. Qxa7 Nab6 14. b3 0-0 15. a4 Nc5 16. Nd2 Qd7 17. a5 Nc8 18. Qb8 Nb6 19. Qa7 Nc8 20. Qa8 c6 21. Qb8 Bd6 22. Qb4 Ne4 23. c5 Bxc5 24. Qc4 Ncd6 25. Qd3 f5 26. Ba3 Nxd2 27. Qxd2 Ba7 28. Rac1 e5 29. Qc2 c5 30. Bxc5 Qc8 31. b4 Bb8 32. Qa2+ Nf7 33. a6 d3 34. a7 Bxa7 35. Qxa7 1-0

[Event "Kesarovski Georgiev Memorial 6th"]
[Site "Sunny Beach"]
[Date "2007.09.12"]
[Round "3"]
[White "Pileckis, Emilis"]
[Black "Craciun, Paula Iulia"]
[Result "1-0"]
[WhiteElo "2326"]
[BlackElo "2192"]
[PlyCount "83"]
[EventDate "2007.09.10"]
[EventType "swiss"]
[EventRounds "9"]
[EventCountry "BUL"]
[SourceTitle "CBM 120 Extra"]
[Source "ChessBase"]
[SourceDate "2007.11.01"]
[SourceVersion "1"]
[SourceVersionDate "2007.11.01"]
[SourceQuality "1"]

1. Nf3 c5 2. c4 g6 3. d4 cxd4 4. Nxd4 Nc6 5. e4 Nf6 6. Nc3 d6 7. Be2 Nxd4 8. Qxd4 Bg7 9. Be3 0-0 10. Qd2 Be6 11. 0-0 Qa5 12. f3 Rfc8 13. b3 a6 14. a4 Nd7 15. Rfc1 Nc5 16. Rab1 Qb4 17. Nd5 Qxd2 18. Bxd2 Bxd5 19. cxd5 Kf8 20. Rc2 Ke8 21. Rbc1 Kd8 22. Be3 Nxb3 23. Bb6+ Kd7 24. Rc7+ Rxc7 25. Rxc7+ Ke8 26. Rxb7 Nc5 27. Bxc5 dxc5 28. d6 exd6 29. Bc4 Bd4+ 30. Kf1 f5 31. Ke2 fxe4 32. fxe4 g5 33. Kd3 a5 34. Rxh7 Be5 35. h3 Bf6 36. g4 Rb8 37. Bb5+ Kf8 38. Ra7 Bd8 39. Kc4 Bb6 40. Rd7 Re8 41. Bc6 Re6 42. Kb5 1-0

[Event "Kesarovski Georgiev Memorial 6th"]
[Site "Sunny Beach"]
[Date "2007.09.11"]
[Round "2"]
[White "Craciun, Paula Iulia"]
[Black "Milchev, Nikolay"]
[Result "1/2-1/2"]
[WhiteElo "2192"]
[BlackElo "2315"]
[PlyCount "120"]
[EventDate "2007.09.10"]
[EventType "swiss"]
[EventRounds "9"]
[EventCountry "BUL"]
[SourceTitle "CBM 120 Extra"]
[Source "ChessBase"]
[SourceDate "2007.11.01"]
[SourceVersion "1"]
[SourceVersionDate "2007.11.01"]
[SourceQuality "1"]

1. e4 e5 2. Nf3 Nc6 3. Bb5 Nf6 4. Qe2 Bd6 5. c3 0-0 6. 0-0 Re8 7. Rd1 Bf8 8. d3 h6 9. Nbd2 a6 10. Ba4 g6 11. Nf1 Bg7 12. Ng3 b5 13. Bb3 Na5 14. Bc2 Bb7 15. h4 d6 16. Nh2 c5 17. h5 Kh7 18. f4 exf4 19. Bxf4 Nc6 20. Nf3 Ne5 21. Nxe5 dxe5 22. Be3 Rc8 23. Rf1 Qe7 24. Rf2 Rc6 25. Raf1 Bc8 26. Qd2 Bg4 27. hxg6+ fxg6 28. d4 cxd4 29. cxd4 exd4 30. Bxd4 Rf8 31. e5 Nd7 32. Rxf8 Nxf8 33. Be4 Rc8 34. Qf4 Be6 35. Nh5 Qg5 36. Qxg5 hxg5 37. Nxg7 Kxg7 38. Bc3 Nd7 39. Rd1 Nc5 40. Rd6 Nxe4 41. Rxe6 Nxc3 42. bxc3 a5 43. Rb6 Rc5 44. Rb7+ Kf8 45. e6 a4 46. Kh1 a3 47. Kh2 Ke8 48. Rg7 Rxc3 49. Rxg6 Rc5 50. Rg7 b4 51. Rb7 Rc4 52. Kg3 Re4 53. Kf3 Rc4 54. Kg3 Rd4 55. Kh3 Re4 56. Kg3 Kd8 57. Kf3 Rc4 58. Kg3 Ke8 59. Kh3 Rc3+ 60. Kh2 Rc4 1/2-1/2

[Event "EU-ch rapid (Women)"]
[Site "Predeal"]
[Date "2007.08.09"]
[Round "8"]
[White "Craciun, Paula Iulia"]
[Black "Vladimirova, Maria"]
[Result "1-0"]
[WhiteElo "2192"]
[BlackElo "1998"]
[PlyCount "129"]
[EventDate "2007.08.08"]
[EventType "swiss (rapid)"]
[EventRounds "9"]
[EventCountry "ROU"]
[SourceTitle "CBM 120 Extra"]
[Source "ChessBase"]
[SourceDate "2007.11.01"]
[SourceVersion "1"]
[SourceVersionDate "2007.11.01"]
[SourceQuality "1"]

1. e4 c5 2. Nf3 e6 3. c3 Nf6 4. e5 Nd5 5. d4 cxd4 6. cxd4 d6 7. a3 Nc6 8. Bd3 dxe5 9. dxe5 Qc7 10. 0-0 Nxe5 11. Nxe5 Qxe5 12. Re1 Qd6 13. Qf3 Be7 14. Nc3 Nxc3 15. bxc3 0-0 16. Bf4 Qc6 17. Be4 Qc5 18. Rab1 Bf6 19. Re3 e5 20. Bg3 Bg5 21. Rd3 f5 22. Bd5+ Kh8 23. Qh5 Qe7 24. Bxe5 Qxe5 25. Qxg5 Be6 26. c4 Bxd5 27. cxd5 Rad8 28. Rbd1 h6 29. Qg6 Rd6 30. Re3 Rxg6 31. Rxe5 Rd6 32. f4 g6 33. Re7 b6 34. Rxa7 Rfd8 35. Rb7 Rxd5 36. Rxd5 Rxd5 37. Rxb6 Rd2 38. Rxg6 Kh7 39. Rg3 Ra2 40. Rb3 Kg6 41. h3 h5 42. h4 Kg7 43. Kh2 Kg6 44. Kg3 Kg7 45. Kf3 Kg6 46. g3 Kf6 47. Ke3 Ke6 48. Kd4 Rd2+ 49. Kc5 Rc2+ 50. Kb6 Kd5 51. a4 Kc4 52. Rb5 Rg2 53. Rxf5 Rxg3 54. Rxh5 Rb3+ 55. Rb5 Rf3 56. a5 Rxf4 57. Rc5+ Kd4 58. h5 Rf6+ 59. Rc6 Rf5 60. h6 Rh5 61. a6 Rh1 62. a7 Rb1+ 63. Kc7 Ra1 64. Kb7 Rb1+ 65. Rb6 1-0

[Event "EU-ch rapid (Women)"]
[Site "Predeal"]
[Date "2007.08.09"]
[Round "7"]
[White "Stefan, Elena Elisabeta"]
[Black "Craciun, Paula Iulia"]
[Result "1/2-1/2"]
[WhiteElo "2081"]
[BlackElo "2192"]
[PlyCount "125"]
[EventDate "2007.08.08"]
[EventType "swiss (rapid)"]
[EventRounds "9"]
[EventCountry "ROU"]
[SourceTitle "CBM 120 Extra"]
[Source "ChessBase"]
[SourceDate "2007.11.01"]
[SourceVersion "1"]
[SourceVersionDate "2007.11.01"]
[SourceQuality "1"]

1. e4 c5 2. Nf3 Nc6 3. d4 cxd4 4. Nxd4 g6 5. Nc3 Bg7 6. Be3 Nf6 7. Bc4 0-0 8. Bb3 d6 9. f3 Bd7 10. Qd2 Nxd4 11. Bxd4 b5 12. Nd5 Nxd5 13. Bxg7 Kxg7 14. exd5 Qb6 15. 0-0-0 a5 16. a3 Qc7 17. Rhe1 Rfe8 18. g4 Rab8 19. h4 h6 20. Kb1 Rbc8 21. Re3 a4 22. Ba2 e5 23. dxe6 Bxe6 24. Bxe6 Rxe6 25. Rde1 Rce8 26. Rxe6 fxe6 27. g5 h5 28. Re3 Qb6 29. Rc3 d5 30. f4 Rf8 31. Qe2 Qd6 32. Qe5+ Qxe5 33. fxe5 Rf1+ 34. Ka2 Re1 35. Rc7+ Kf8 36. Rc8+ Kf7 37. Rc7+ Ke8 38. Rg7 Rxe5 39. Rxg6 Re4 40. Rh6 Rxh4 41. Rxe6+ Kf7 42. Rb6 Rg4 43. g6+ Rxg6 44. Rxb5 Ke6 45. b3 Rg2 46. Kb2 axb3 47. Rxb3 h4 48. Rh3 Rg4 49. c3 Kd6 50. Kb3 Kc5 51. Rh1 d4 52. cxd4+ Kxd4 53. a4 Kc5 54. Rc1+ Kb6 55. Rh1 Ka5 56. Kc3 Kxa4 57. Kd3 Kb4 58. Ke3 Kc4 59. Kf3 Rd4 60. Rc1+ Kd5 61. Kg2 Ke5 62. Kh3 Re4 63. Rf1 1/2-1/2

[Event "EU-ch rapid (Women)"]
[Site "Predeal"]
[Date "2007.08.08"]
[Round "2"]
[White "Craciun, Paula Iulia"]
[Black "Cosma, Elena Luminita"]
[Result "1/2-1/2"]
[WhiteElo "2192"]
[BlackElo "2370"]
[PlyCount "117"]
[EventDate "2007.08.08"]
[EventType "swiss (rapid)"]
[EventRounds "9"]
[EventCountry "ROU"]
[SourceTitle "CBM 120 Extra"]
[Source "ChessBase"]
[SourceDate "2007.11.01"]
[SourceVersion "1"]
[SourceVersionDate "2007.11.01"]
[SourceQuality "1"]

1. e4 e6 2. d4 d5 3. Nd2 Nf6 4. e5 Nfd7 5. Bd3 c5 6. c3 Nc6 7. Ne2 a5 8. 0-0 a4 9. f4 cxd4 10. cxd4 Nb4 11. Bb1 g6 12. Nf3 Nb6 13. g4 h5 14. gxh5 Rxh5 15. Kh1 Bd7 16. Rg1 Qc7 17. Rxg6 Rh3 18. Rg3 Rxg3 19. Nxg3 Rc8 20. Bd2 Nc2 21. Bxc2 Qxc2 22. Qxc2 Rxc2 23. Bc3 a3 24. Ne1 axb2 25. Nxc2 bxa1Q+ 26. Nxa1 Bh6 27. Nh5 Bb5 28. Kg2 Nd7 29. Nb3 Be2 30. Ng3 Bd3 31. Kf3 b6 32. Bb4 Bc4 33. Nh1 Nb8 34. Nf2 Nc6 35. Bc3 Ne7 36. Ng4 Bg7 37. Ne3 Bd3 38. Nd2 Bh6 39. a4 Ng6 40. Ng2 Ne7 41. a5 bxa5 42. Bxa5 Nf5 43. Bb6 Bf8 44. Ne3 Ne7 45. Bc5 Nc6 46. Bb6 Bb4 47. Nb3 Bc3 48. h4 Bc4 49. Nc1 Bxd4 50. Bxd4 Nxd4+ 51. Kg4 Kf8 52. h5 Kg7 53. f5 exf5+ 54. Nxf5+ Nxf5 55. Kxf5 Kh6 56. e6 fxe6+ 57. Kxe6 d4+ 58. Ke5 d3 59. Nxd3 1/2-1/2

[Event "ROM-BUL (Women)"]
[Site "Meci"]
[Date "2007.08.05"]
[Round "?"]
[White "Raeva, Elitsa"]
[Black "Craciun, Paula Iulia"]
[Result "1/2-1/2"]
[WhiteElo "2215"]
[BlackElo "2192"]
[PlyCount "95"]
[EventDate "2007.08.03"]
[EventType "team-match"]
[EventRounds "4"]
[EventCountry "ROU"]
[SourceTitle "EXT 2010"]
[Source "ChessBase"]
[SourceDate "2010.11.25"]
[SourceVersion "1"]
[SourceVersionDate "2010.11.25"]
[SourceQuality "1"]
[WhiteTeam "Bulgaria"]
[BlackTeam "Romania"]
[WhiteTeamCountry "BUL"]
[BlackTeamCountry "ROU"]

1. d4 d5 2. c4 c6 3. Nc3 Nf6 4. c5 b6 5. cxb6 axb6 6. Nf3 Ba6 7. g3 e6 8. Bg2 Bd6 9. 0-0 0-0 10. Re1 Nbd7 11. e4 dxe4 12. Ng5 Rc8 13. Qa4 Bb7 14. Ngxe4 Be7 15. Bf4 Nxe4 16. Nxe4 Nf6 17. Rad1 Nd5 18. Bc1 Qc7 19. Qb3 h6 20. Nd2 Ba6 21. a3 Rfd8 22. Nf3 Bf6 23. Bh3 Qa7 24. Ne5 Re8 25. Qf3 c5 26. dxc5 Rxc5 27. Ng4 Qe7 28. Bg2 Rec8 29. b4 Rc3 30. Nxh6+ gxh6 31. Qg4+ Bg5 32. f4 f5 33. Qh5 Nf6 34. Qg6+ Qg7 35. Qxg7+ Kxg7 36. fxg5 hxg5 37. Bxg5 Bc4 38. Rd6 b5 39. Ra6 Rc2 40. Bf4 Rd8 41. Bc6 Ng4 42. Ra7+ Kg6 43. h4 Nf2 44. h5+ Kf6 45. Be5+ Kg5 46. Bf4+ Kf6 47. Be5+ Kg5 48. Bf4+ 1/2-1/2

[Event "ROM-BUL (Women)"]
[Site "Meci"]
[Date "2007.08.03"]
[Round "?"]
[White "Nikolova, Adriana"]
[Black "Craciun, Paula Iulia"]
[Result "1-0"]
[WhiteElo "2234"]
[BlackElo "2192"]
[PlyCount "93"]
[EventDate "2007.08.03"]
[EventType "team-match"]
[EventRounds "4"]
[EventCountry "ROU"]
[SourceTitle "EXT 2010"]
[Source "ChessBase"]
[SourceDate "2010.11.25"]
[SourceVersion "1"]
[SourceVersionDate "2010.11.25"]
[SourceQuality "1"]
[WhiteTeam "Bulgaria"]
[BlackTeam "Romania"]
[WhiteTeamCountry "BUL"]
[BlackTeamCountry "ROU"]

1. e4 c5 2. Nf3 Nc6 3. d4 cxd4 4. Nxd4 g6 5. c4 Nf6 6. Nc3 d6 7. Be2 Nxd4 8. Qxd4 Bg7 9. Be3 0-0 10. Qd2 Be6 11. Rc1 Qa5 12. f3 Rfc8 13. b3 a6 14. Na4 Qxd2+ 15. Kxd2 Nd7 16. g4 f5 17. gxf5 gxf5 18. Rhg1 Kh8 19. Bd3 Rf8 20. Rxg7 Kxg7 21. Rg1+ Kh8 22. Bd4+ Nf6 23. exf5 Bf7 24. Nb6 Rad8 25. Re1 Kg8 26. Rxe7 Bh5 27. Nd5 Ne8 28. Nf4 Rf7 29. Re3 Nf6 30. Bxf6 Rxf6 31. Nxh5 Rh6 32. Nf4 Rxh2+ 33. Kc3 Kf7 34. Be4 Rf8 35. Bd5+ Kf6 36. Be6 h5 37. Nd5+ Kg5 38. f4+ Kh6 39. Rg3 h4 40. Rg6+ Kh7 41. Nf6+ Kh8 42. Nh5 Kh7 43. Nf6+ Kh8 44. Ng8 Re8 45. Rh6+ Kg7 46. f6+ Kf8 47. Ne7 1-0